| 000 | 00560cam a2200193 a 4500 | ||
|---|---|---|---|
| 001 | 000007801 | ||
| 005 | 20200929154313.0 | ||
| 008 | 840806s1972 ve 001 0 spa | ||
| 040 |
_aDO-SdBNP _bspa _cBNPHU |
||
| 082 |
_ann* _bT787t, 1972 |
||
| 100 | 1 |
_aTrejo, Oswaldo. _921509 |
|
| 245 | 1 | 0 |
_aTambiƩn los hombres son ciudades / _cOswaldo Trejo. |
| 250 | _a2a ed. | ||
| 260 |
_aCaracas : _bMonte Avila, _c1972. |
||
| 300 |
_a192 p. ; _c16 cm. |
||
| 650 | 4 |
_aNovela venezolana _93962 |
|
| 650 | 4 |
_aLiteratura venezolana _93816 |
|
| 910 | _aCatalogación derivada | ||
| 999 |
_c7579 _d7579 |
||